000
00298nam a2200109Ia 4500
001
1275950
005
20260417160438.0
008
260417s9999 xx 000 0 und d
020
_a
9786256495104
245
0
_a
Yörük Ali Efe ve Dağlardaki Yiğitler
_c
Büşra Şen Altun
260
_b
Ketebe Çocuk
999
_c
1275950
_d
1275950